Một lần chưa đủ; T1 = Once is not enough
Sparad:
| Huvudupphovsman: | |
|---|---|
| Materialtyp: | Bok |
| Språk: | Undetermined |
| Publicerad: |
Hà Nội
Phụ Nữ
2000
|
| Ämnen: | |
| Taggar: |
Lägg till en tagg
Inga taggar, Lägg till första taggen!
|
| Thư viện lưu trữ: | Trung tâm Học liệu Trường Đại học Cần Thơ |
|---|
| LEADER | 00557nam a2200181Ia 4500 | ||
|---|---|---|---|
| 001 | CTU_37973 | ||
| 008 | 210402s9999 xx 000 0 und d | ||
| 082 | |a 813.5 | ||
| 082 | |b S964/T1 | ||
| 100 | |a Jacqueline Susann | ||
| 245 | 0 | |a Một lần chưa đủ; T1 | |
| 245 | 0 | |b = Once is not enough | |
| 245 | 0 | |c Jacqueline Susann, Anh Thư | |
| 260 | |a Hà Nội | ||
| 260 | |b Phụ Nữ | ||
| 260 | |c 2000 | ||
| 650 | |a american fiction - 20th century,american literature - 20th century | ||
| 980 | |a Trung tâm Học liệu Trường Đại học Cần Thơ | ||